| 000 | 01012pam a2200289 a 4500 | ||
|---|---|---|---|
| 001 | 1072 | ||
| 005 | 20230831100941.0 | ||
| 020 | _a078073003501 | ||
| 040 |
_aDLC _cDLC _dDLC _beng |
||
| 050 | 0 | 0 |
_aPZ7.D2394 _bFo 1996 |
| 082 | 0 | 0 |
_aFic _220 |
| 100 | 1 |
_aDanziger, Paula _d1944-2004. |
|
| 245 | 1 | 0 |
_aForever Amber Brown / _cPaula Danziger ; illustrated by Tony Ross. |
| 260 |
_aNew York : _bScholastic, _c1996. |
||
| 300 |
_a101 pages : _billustrations ; _c20 cm. |
||
| 505 | _aQ | ||
| 520 | _aAmber's life has changed dramatically: her parents are divorced, her father lives in France, her best friend has moved to another state, and now her mother must decide whether to remarry. | ||
| 521 |
_a660
_bLexile |
||
| 521 |
_aQ
_bRaz-Plus |
||
| 650 | 1 |
_aFamily life _xFiction. |
|
| 650 | 1 |
_aRemarriage _xFiction. |
|
| 650 | 1 |
_aFriendship _xFiction. |
|
| 650 | 1 |
_aSchools _xFiction. |
|
| 700 | 1 |
_aRoss, Tony _eillustrator |
|
| 906 |
_a7 _bcbc _corignew _d1 _eocip _f19 _gy-gencatlg |
||
| 942 |
_2ddc _cBK _n0 |
||
| 999 |
_c1072 _d1072 |
||